Autocad 2005 for Engineers & Designers / (Record no. 591)

MARC details
000 -LEADER
fixed length control field 00922nac a22002051u 4500
008 - FIXED-LENGTH DATA ELEMENTS--GENERAL INFORMATION
fixed length control field 100906t xxu||||| |||| 00| 0 eng d
020 ## - INTERNATIONAL STANDARD BOOK NUMBER
International Standard Book Number 8177225480
082 00 - DEWEY DECIMAL CLASSIFICATION NUMBER
Classification number 620.004202855
Item number TIC
100 ## - MAIN ENTRY--PERSONAL NAME
Personal name Tickoo, Sham.
9 (RLIN) 18147
245 10 - TITLE STATEMENT
Title Autocad 2005 for Engineers & Designers /
Statement of responsibility, etc Sham Tickoo; Contributing authors Deepak Maini ... [et al.]
260 ## - PUBLICATION, DISTRIBUTION, ETC. (IMPRINT)
Place of publication, distribution, etc New Delhi :
Name of publisher, distributor, etc Dreamtech,
Date of publication, distribution, etc c2004.
300 ## - PHYSICAL DESCRIPTION
Extent 1 v. :
Other physical details ill. ;
Dimensions 23 cm.
500 ## - GENERAL NOTE
General note Includes index.
650 #0 - SUBJECT ADDED ENTRY--TOPICAL TERM
Topical term or geographic name as entry element Computer graphics.
9 (RLIN) 18148
650 #0 - SUBJECT ADDED ENTRY--TOPICAL TERM
Topical term or geographic name as entry element AutoCAD
9 (RLIN) 18149
700 ## - ADDED ENTRY--PERSONAL NAME
9 (RLIN) 19763
Personal name Maini, Deepak
942 ## - ADDED ENTRY ELEMENTS (KOHA)
Item type Book - Borrowing
Call number prefix 620.004202855 TIC
Source of classification or shelving scheme Dewey Decimal Classification
Holdings
Withdrawn status Item status Source of classification or shelving scheme Damaged status Not for loan Vendor Home library Current library Shelving location Date acquired Source of acquisition Cost, normal purchase price Total Checkouts Full call number Barcode Date last seen Cost, replacement price Koha item type Materials specified (bound volume or other part)
    Dewey Decimal Classification       Central Library Central Library First floor 22/09/2010   220.00   620.004202855 TIC 000004022 15/07/2025 275.00 Book - Borrowing  
    Dewey Decimal Classification       Central Library Central Library First floor 19/10/2010   220.00   620.004202855 TIC 000022417 24/08/2022 275.00 CD | DVD - With book Lost In Inventory_2015-8-23